000 00794nam a2200121Ia 4500
008 220616s9999||||xx |||||||||||||| ||und||
100 _aHeirman, Ann||Torck, Mathieu
245 2 _aA Pure Mind in a Clean Body
_bBodily Care in the Buddhist Monasteries of Ancient India and China
546 _aEnglish[eng]
650 _aindia||bodily care||buddhism||china||Chinese language||History of China||Monastery||Monk||Sangha||Vinaya
856 _uhttps://library.oapen.org/bitstream/20.500.12657/33493/1/466590.pdf||https://library.oapen.org/bitstream/20.500.12657/33493/1/466590.pdf||https://library.oapen.org/bitstream/20.500.12657/33493/1/466590.pdf||https://library.oapen.org/bitstream/20.500.12657/33493/1/466590.pdf||https://library.oapen.org/bitstream/20.500.12657/33493/1/466590.pdf
942 _cEB
999 _c21020
_d21020